Handbuch der Marktwirtschaft
Guardado en:
| Autor principal: | |
|---|---|
| Autor Corporativo: | |
| Formato: | Libro |
| Lenguaje: | alemán eslovaco |
| Publicado: |
Bratislava
Ekonóm
1998
|
| Edición: | 3. vyd. |
| Materias: | |
| Etiquetas: |
Sin Etiquetas, Sea el primero en etiquetar este registro!
|
MARC
| LEADER | 00000nam a2200000 4500 | ||
|---|---|---|---|
| 001 | 0088061 | ||
| 005 | 20220531134133.5 | ||
| 020 | |a 80-225-1097-1 | ||
| 041 | 0 | |a ger | |
| 041 | 0 | |a slo | |
| 044 | |a SK | ||
| 245 | 1 | 0 | |a Handbuch der Marktwirtschaft |c Eva Ondrčková |
| 250 | |a 3. vyd. | ||
| 264 | 1 | |a Bratislava |b Ekonóm |c 1998 | |
| 300 | |a 269 s. | ||
| 610 | 2 | 0 | |a terminológia |
| 610 | 2 | 0 | |a jazykoveda |
| 610 | 2 | 0 | |a hospodárstvo trhové |
| 100 | 1 | |a Ondrčková, Eva | |
| 710 | 2 | |a Ekonomická univerzita v Bratislave. Ústav jazykov | |